Statistiques concernant Chansons de Michel Delpech

Cliquez ici pour prendre le quiz!

Statistiques générales

  • Ce quiz a été pris 9 fois
  • Le résultat moyen est 15 sur 175

Statistiques - réponses

AlbumTitre% Correct
Photos souvenirs11Chez Laurette
75%
J'étais un ange3Chez Laurette
75%
Michel Delpech &...7Chez Laurette
75%
Inventaire 666Chez Laurette
75%
Michel Delpech &...4Le Chasseur
75%
Michel Delpech (Le Chasseur)6Le Chasseur
75%
J'étais un ange6Le Chasseur
75%
Michel Delpech &...2Le Loir-et-Cher
75%
J'étais un ange5Le Loir-Et-Cher
75%
Michel Delpech &...9Pour un flirt
75%
J'étais un ange4Pour Un Flirt
75%
J'étais un ange2Quand J'étais Chanteur
75%
Michel Delpech (Quand j'étais chanteur)11Quand j'étais chanteur
75%
Michel Delpech &...1Quand j'étais chanteur
75%
Cadeau de Noël3Cadeau de Noël
50%
Comme vous6Comme vous
50%
Il y a des jours où on ferait mieux de rester au lit5Il y a des jours où on ferait mieux de rester au lit
50%
Inventaire 661Inventaire 66
50%
Le Roi de rien1Le Roi de rien
50%
Les Voix du Brésil6Les Voix du Brésil
50%
Oubliez tout ce que je vous ai dit1Oubliez tout ce que je vous ai dit
50%
J'étais un ange1J'étais Un Ange
38%
Photos souvenirs2Photos souvenirs
38%
Michel Delpech &...13Que Marianne était jolie
25%
Michel Delpech (Album)1Album
13%
J'étais un ange20Senna
13%
Michel Delpech (Le Chasseur)924 décembre au soir
0%
Cadeau de Noël1389 francs boissons comprises
0%
Michel Delpech (Album)8À la claire fontaine
0%
Cadeau de Noël8Attention elle est blessée
0%
Oubliez tout ce que je vous ai dit3Avant que mes parents s'en aillent
0%
Michel Delpech (Quand j'étais chanteur)4Avez-vous vraiment essayé d'aimer ?
0%
Le Roi de rien11Ballade pour une vieille indienne
0%
J'étais un ange13Bombay
0%
Inventaire 668Bonne chance mon garçon
0%
J'étais un ange14Bruxelles
0%
Le Roi de rien3Cartier-Bresson
0%
Michel Delpech (Le Chasseur)2Ce fou de Nicolas
0%
J'étais un ange16Ce Lundi Là
0%
Michel Delpech (Quand j'étais chanteur)2Ce lundi-là
0%
Comme vous7Ce soir au cirque
0%
Les Voix du Brésil10C'est ainsi qu'elles sont belles
0%
Le Roi de rien5C'est à Paris
0%
5 000 kilomètres4C'est ta chanson
0%
Comme vous4Cet homme est seul
0%
Sexa13Cette petite femme pour...
0%
Les Voix du Brésil2Chico Mendes
0%
Les Voix du Brésil5Christians, muslims and jews
0%
Photos souvenirs8Cœur grenadine
0%
Oubliez tout ce que je vous ai dit7Comme dans un roman de Graham Greene
0%
Sexa11Comme on s'traite
0%
Les Voix du Brésil9Corcovado
0%
Michel Delpech (Album)5Crazy
0%
5 000 kilomètres6Dame de la ville basse
0%
5 000 kilomètres8Daniel
0%
Comme vous11Dans chatou qui dort
0%
Cadeau de Noël9Derrière les thuyas
0%
Sexa5Des compagnons
0%
Photos souvenirs3Dites-moi
0%
Michel Delpech (Quand j'étais chanteur)8Draguez-moi
0%
Il y a des jours où on ferait mieux de rester au lit10Élisabeth de quelque chose
0%
Oubliez tout ce que je vous ai dit6Elle est partie avec un con
0%
Oubliez tout ce que je vous ai dit10Elle joue du sax
0%
Comme vous9Elle ne passera pas un hiver de plus ici
0%
Cadeau de Noël2Et je ris en ce miroir
0%
Michel Delpech &...5Et Paul chantait Yesterday
0%
Michel Delpech (Album)9Et Paul chantait Yesterday
0%
Le Roi de rien7Être un saint
0%
Photos souvenirs7Fais-moi une place
0%
Cadeau de Noël12Frères humains
0%
Comme vous1Fuir au soleil
0%
Cadeau de Noël10Gaspi le magnifique
0%
Cadeau de Noël4Il faut que j'aime (les ennuis reviennent)
0%
5 000 kilomètres3Il n'y a que lui
0%
Michel Delpech (Quand j'étais chanteur)6Il y en a encore
0%
5 000 kilomètres2J'ai été fou d'aimer
0%
Sexa10J'ai revu la cigarette
0%
Oubliez tout ce que je vous ai dit9Jamaica Bay
0%
Cadeau de Noël1Jeanne la louve
0%
Michel Delpech (Le Chasseur)1Je l'attendais
0%
J'étais un ange9Je L'attendais
0%
Inventaire 663Je me sens tout petit
0%
Sexa8Je ne t'aurais pas vu
0%
Sexa1Je passe à la télé
0%
Michel Delpech (Le Chasseur)4Je pense à toi
0%
Michel Delpech (Album)3Je resterai ton ami
0%
Photos souvenirs6Je suis venu te dire que je m'en vais
0%
Sexa4Johnny à Vegas
0%
Oubliez tout ce que je vous ai dit4J'peux pas dormir
0%
Photos souvenirs1J't'aime bien Lili
0%
5 000 kilomètres5Kodachrome
0%
Comme vous8La Course du voyageur
0%
Michel Delpech (Quand j'étais chanteur)7La Fille avec des baskets
0%
J'étais un ange15La Fille Avec Des Baskets
0%
Sexa3L'Âge d'or
0%
Michel Delpech (Le Chasseur)3La maison est en ruine
0%
Oubliez tout ce que je vous ai dit5La Meilleure Musique de la ville
0%
Il y a des jours où on ferait mieux de rester au lit12L'amitié n'existe plus
0%
Michel Delpech (Quand j'étais chanteur)1La Mort de l'âne
0%
Michel Delpech &...8L'Amour en wagon-lit
0%
Sexa7La Nuit douce d'Alice
0%
Oubliez tout ce que je vous ai dit8La Phrase de Véronique
0%
Il y a des jours où on ferait mieux de rester au lit7L'Échelle
0%
Michel Delpech (Quand j'étais chanteur)5Le fleuve qui coule en silence
0%
Il y a des jours où on ferait mieux de rester au lit1Le Mauvais Jardinier
0%
Inventaire 6610L'Entrée des artistes
0%
Cadeau de Noël6Le Papa de Jennifer
0%
Sexa9Le Pour et le contre
0%
Inventaire 667Le Restaurant chinois
0%
Michel Delpech (Le Chasseur)5Le Retour de Claire
0%
J'étais un ange19Les Aveux
0%
Sexa6Les Belles et l'automne
0%
Inventaire 665Les Enfants du temps d'aujourd'hui
0%
Michel Delpech (Album)2Les groupies
0%
Il y a des jours où on ferait mieux de rester au lit4Les hirondelles sont parties
0%
Cadeau de Noël5Les Lignes ennemies
0%
Cadeau de Noël7Les Petites Tortues noires
0%
Il y a des jours où on ferait mieux de rester au lit9Les Pies
0%
Le Roi de rien6Les Salauds
0%
Sexa2Lettre à tous ceux-là
0%
Il y a des jours où on ferait mieux de rester au lit6Le Voyage
0%
J'étais un ange18Loin D'ici
0%
Michel Delpech &...12Loin d'ici
0%
J'étais un ange10Longue Maladie
0%
Michel Delpech (Album)4Masculin singulier
0%
Cadeau de Noël11Ma vie est ici
0%
Michel Delpech (Quand j'étais chanteur)10Même Germaine elle était stoned
0%
Le Roi de rien2Mon ami est ridicule
0%
Sexa12Mon ange
0%
Michel Delpech (Album)10Mon équipage
0%
Les Voix du Brésil3Multiraciale et pluriculturelle
0%
Comme vous3Nicholson & co.
0%
Michel Delpech (Le Chasseur)7Nous n'habitons pas ensemble
0%
Il y a des jours où on ferait mieux de rester au lit2On ne meurt qu'une fois
0%
Le Roi de rien8On pourra plus siffler les filles
0%
Inventaire 662Paricolor
0%
Il y a des jours où on ferait mieux de rester au lit8Paris à marée basse
0%
Oubliez tout ce que je vous ai dit2Paumé dans le R.E.R.
0%
Michel Delpech (Album)7Petite fille en sucre
0%
Comme vous2Petite France
0%
J'étais un ange12Photographe
0%
Les Voix du Brésil8Pleure pas Eva
0%
Inventaire 669Plus d'bac
0%
Il y a des jours où on ferait mieux de rester au lit11Poupée cassée
0%
Michel Delpech &...6Pour gagner des sous
0%
Inventaire 664Quand on aime comme on s'aime
0%
Photos souvenirs4Quelque chose de Tennessee
0%
Photos souvenirs9Quelques mots d'amour
0%
Michel Delpech (Le Chasseur)8Quel souvenir papa
0%
Les Voix du Brésil7Rêve de Gauguin
0%
Le Roi de rien9Sans remords ni regret
0%
Comme vous12Solidaire de mes frères
0%
Comme vous5Sortie de couples
0%
Les Voix du Brésil1Sul America
0%
5 000 kilomètres7T'as un ami
0%
Les Voix du Brésil4Terre amour
0%
Il y a des jours où on ferait mieux de rester au lit3T'es belle comme une locomotive
0%
Michel Delpech &...3Toutes les filles
0%
Michel Delpech &...10Trente manières de quitter une fille
0%
5 000 kilomètres1Trente manières de quitter une fille
0%
Le Roi de rien4Tu l'aimes
0%
Michel Delpech (Quand j'étais chanteur)9Tu me fais planer
0%
J'étais un ange8Tu Me Fais Planer
0%
Photos souvenirs5Ultra moderne solitude
0%
Michel Delpech (Album)6Un coup de pied dans la montagne
0%
Le Roi de rien10Une chanson légère
0%
5 000 kilomètres9Une chose qui va si bien
0%
Michel Delpech (Quand j'étais chanteur)3Une destinée
0%
Photos souvenirs10Un homme heureux
0%
Michel Delpech (Le Chasseur)10Un jour, tu verras
0%
J'étais un ange17Viviane
0%
J'étais un ange11Vu D'avion Un Soir
0%
Michel Delpech &...11Wight Is Wight
0%
J'étais un ange7Wight Is Wight
0%
Comme vous10Y a-t-il une fille pour l'épouser ?
0%

Distribution des résultats

Percentile par nombre de réponses

% des personnes avec chaque résultat

Votre développement - résultats

Vous n’avez pas pris ce quiz